| 000 | 00000nam 2200000za 4500 |
| 001 | 9.687693 |
| 003 | CaOODSP |
| 005 | 20230112131216 |
| 007 | cr ||||||||||| |
| 008 | 150407s2005 onc|||||o f|0| 0 eng d |
| 020 | |a0-662-41156-0 |
| 040 | |aCaOODSP|beng |
| 043 | |an-cn--- |
| 086 | 1 |aCR22-42/2006E-PDF |
| 110 | 2 |aSocial Sciences and Humanities Research Council of Canada. |
| 245 | 10|aStrategic plan 2006-2011 |h[electronic resource] : |bknowledge council. |
| 246 | 15|aKnowledge Council - SSHRC, 2006-2011 |
| 260 | |aOttawa : |bSocial Sciences and Humanities Research Council, |c2005. |
| 300 | |a30 p. |
| 520 | 3 |aThis strategic plan presents the Council’s vision, values, and context that shape its strategic direction. To implement the plan, the Council’s actions will fall into three categories: retool and fine-tune programs; new programs, new approaches; and build the Knowledge Council. Includes a budget and a profile of the Council’s community. |
| 590 | |a06-35|b2006-09-01 |
| 690 | 07|aHumanities|2gcpds |
| 690 | 07|aSocial sciences|2gcpds |
| 690 | 07|aStrategic management|2gcpds |
| 775 | 08|tPlan stratégique 2006-2011 |w(CaOODSP)9.632137 |
| 776 | 0#|tSocial Sciences and Humanities Research Council - strategic plan 2006-2011 : |w(CaOODSP)9.666747 |
| 776 | 0#|tConseil de recherches en sciences humaines du Canada - plan stratégique 2006-2011 : |w(CaOODSP)9.666748 |
| 794 | |tStrengthening Canada's cultures of innovation |w(CaOODSP)9.507520 |
| 856 | 40|ahttp://publications.gc.ca|qPDF|s319 KB|uhttps://publications.gc.ca/collections/Collection/CR22-42-2006E.pdf |